00902 a2200181 45000010006000000050017000060080041000230030015000640400040000790800040001192450045001592640051002043000019002555050292002741000030005667000025005968560099006214716220260407155740.0260407a1992 arg spa dAR-UNSa-BCEJYS aAR-UNSa-BCEJYSbspacAR-UNSa-BCEJYS a338.23:336.74xPolítica monetaria10aBreve tratado sobre la Reforma Monetaria 1aMéxico :bFondo de Cultura Económicac1992 a206 p.c21 cm. a1. Las consecuencias sociales de las variaciones en el valor del dinero - 2. Las finanzas públicas y el valor de la moneda - 3. Las teorías del dinero y los cambios de divisas - 4. Diversos objetivos de la política monetaria - 5. Propuestas concretas para la futura regulación - 1 aRodríguez Braun, Carlos1 aKeynes, John Maynard41uhttps://www.biblioeco.unsa.edu.ar/pmb/images/libros/L127410.jpgyImagen de portadaqimage/jpeg